| 000 | 00979nam a2200181 a 4500 | ||
|---|---|---|---|
| 008 | 180925s2017 ||||||||||||||||| || u | ||
| 020 | _a9789211129120 | ||
| 050 | _aUNCTAD(058)IARI/2017 | ||
| 110 | _aUnited Nations Conference on Trade and Development (UNCTAD) | ||
| 245 | 1 | 0 |
_aInternational accounting and reporting issues, 2015 review _cby United Nations Conference on Trade And Development (UNCTAD) |
| 260 |
_aNew York _bUnited Nations Conference on Trade and Development (UNCTAD) _c2017 |
||
| 300 | _aix, 50 pages : illustration | ||
| 650 | _aINTERNATIONAL BUSINESS ENTERPRISES--ACCOUNTING PERIODICAL | ||
| 650 | _aINTERNATIONAL BUSINESS ENTERPRISES--ACCOUNTING | ||
| 650 | _aACCOUNTANCY | ||
| 650 | _aINTERNATIONAL BUSINESS ENTERPRISES--ACCOUNTING--STANDARDS | ||
| 995 |
_FCBU-MAIN LIBRARY (Kitwe) _M1 _UAVAILABLE _WSep 25, 2018 _XUnited Nations Conference on Trade And Development (UNCTAD) _ZInternational Publications |
||
| 999 |
_c47271 _d47271 |
||